000 00359 a2200133 4500
040 _aDLC
_bDLC
082 _a891.47391
100 _aItibar Sajid
245 _aKoi baat karni hay chand say
_cItibar Sajid
260 _aLahore:
_b Elm-o-Irfan Publishers,
_c2005.
300 _a141 p. ;
_c22 cm
650 _aUrdu Literature--Poetry
942 _cBK
_k891.4391 ITI
_2ddc
999 _c5198
_d5198